000
00304nam a22001337a 4500
003
SGT
082
_a
615.32
_b
T16A
100
_a
ANGADI,RAVINDRA
245
_a
A TEXT BOOK OF BHAISAJYA KALPANA VIJNANA
260
_a
VARANASI
_b
CHAUKHAMBHA PUB
_c
2016
300
_a
559
650
_a
AYURVEDA
942
_2
ddc
_c
BK
999
_c
8742
_d
8742